000 01299 a2200241 4500
003 CBULib
005 20250926071302.0
008 250926b |||||||| |||| 00| 0 eng d
020 _a9781608093298
040 _bEnglish
_cCBULib
_erda
050 _aPS 648.D4 .C69
100 _aCoyle, Matt
245 _aWrong light
_c/ by Matt Coyle
260 _bOceanview Publishing :
_c2018.
_aSarasota, Florida,
300 _a338 pages
336 _2rdacontent
_aText |
_btxt
337 _2rdamedia
_aUnmediated |
_bn
338 _2rdacarrier
_aVolume
_bnc
490 _aRick Carhill
500 _aNaomi Hendrix's sexy voice hovering over the radio waves isn't the only thing haunting the Southern California nights: a stalker is waiting for the right moment to snatch Naomi and fulfill a twisted fantasy. When Naomi's radio station hires PI Rick Cahill to track down the stalker, he discovers that Naomi is hiding secrets about her past that could help unmask the man. Thrust into a missing persons case-- an abduction Rick may have unwittingly caused-- the investigating detective questions Rick's motives for getting involved. As he pursues Naomi's stalker, Rick finds himself in a race with an old nemesis. -- Adapted from jacket
650 0 _9708
_aFICTION
_vDETECTIVE AND MYSTERY
942 _2lcc
_c002
999 _c85296
_d85296